000 00735nam a22002177a 4500
999 _c1488
_d1488
003 AR-CdUCM
008 190227b ||||| |||| 00| 0 esp d
020 _aISBN
040 _aMUNICIPALIDAD PROVINCIAL DEL CUSCO
_cBIBLIOTECA MUNICIPAL DEL CUSCO
082 _a985.0082 /
_bB35
100 _aBelaúnde Terry, Fernando
_93676
245 _aLa conquista del Perú por los peruanos /
_cFernando Belaúnde Terry.
260 _aLima :
_bMinerva,
_c1994.
300 _a176 paginas ;
_c18 cm.
505 _aEl Perú como doctrina -- Un país sin crédito -- El vivero de hombres ...
650 _aTradición.
_92713
650 _aPropósitos
_95637
650 _aReconstrucción.
_95638
942 _2ddc
_cLIBROS
945 _aacrt
_d2019-02-27